02848nmm a22002417a 4500001000700000003000800007005001700015008004100032040003000073100003200103245024000135260007500375300001900450500010500469502008100574516008800655520166400743650003402407650005302441650002702494650003802521700004702559000321UAHC_CL20260417165305.0260417s2023 cl o d 000 spa d aUAHC_CLcUAHC_CLdUAHC_CL aGonzález Arias, Francisca10aPercepciones ambientales frente al extractivismo, sequía y escasez hídrica, en localidades rurales de Illapel, IV región Coquimbo cFrancisca González ; profesor guía Miguel Bahamondes.bun análisis contextual e histórico aSantiago, Chile :bUniversidad Academia de Humanismo Cristiano,c2024. a124 páginas. aTesis para optar al grado de Licenciado/a en Antropología y al título de Antropólogo/a Social. aTesis (Antropología) -- Universidad Academia de Humanismo Cristiano, 2024. aTesis electrónica (PDF). Solicitar envío de documento a biblioteca@academia.cl. aLa sequía y escasez hídrica es un tema de conversación cada vez más común en el colectivo social, de vez en cuando se puede ir caminando por la calle o recorriendo el supermercado, otras veces en la locomoción colectiva y escuchar el “hace tiempo no llueve” o “no ha llovido”, pero esas frases siempre contienen un poco de esperanza para que cada año sea mejor que el anterior, en ocasiones se recurre a conocimientos tradicionales tales como: ver la cantidad de hormigas que hay en el verano para saber si el año será bueno o no. La presente investigación se centra geográficamente en la IV región de Coquimbo, hacia el interior de sus valles transversales, específicamente en la localidad de Illapel y su ruralidad, los actores principales son dos, los habitantes de las comunidades rurales y el extractivismo minero presente desde hace ya 20 años. Esto en el contexto climático de sequía y escasez hídrica, la investigación pretende unir estos tres puntos existiendo como objetivo describir y analizar la percepción de los habitantes de localidades rurales de Illapel (Limahuida, Canelillo, Cañas 1, Peralillo, entre otras) respecto a la sequía, la escasez de agua y el extractivismo. Se busca comprender cómo estos fenómenos son percibidos y experimentados por la comunidad, así como las estrategias que han adoptado para enfrentar estos desafíos. A través de una metodología cualitativa que incluye entrevistas, encuestas y observación participante, se pretende recoger y analizar las voces y experiencias de los residentes, proporcionando una visión integral de la situación actual. 0aSequías xAspectos sociales 0aAbastecimiento de aguaxAspectos socialeszChile 0aAbastecimiento de agua 0aSequías xAspectos económicos aBahamondes Parrao, Migueleprofesor guía